У истоков финансового права

Dades bibliogràfiques
Autor principal: Сперанский М. М. Михаил Михайлович
Altres autors: Тургенев Н. И. Николай Иванович, Орлов М. Ф. Михаил Федорович
Sumari:Заглавие с титульного экрана
Электронная версия печатной публикации
Idioma:rus
Publicat: Москва, Статут, 1998
Col·lecció:Золотые страницы российского финансового права
Matèries:
Accés en línia:http://www.lib.tpu.ru/fulltext/m/2006/m25.pdf
Format: MixedMaterials Electrònic Llibre
KOHA link:https://koha.lib.tpu.ru/cgi-bin/koha/opac-detail.pl?biblionumber=103910

MARC

LEADER 00000nlm0a2200000 4500
001 103910
005 20231031113810.0
035 |a (RuTPU)RU\TPU\book\112016 
090 |a 103910 
100 |a 20061024d1998 k y0rusy50 ca 
101 0 |a rus 
102 |a RU 
105 |a y j 000zy 
135 |a vrcn ---uucaa 
181 0 |a i  
182 0 |a b 
200 1 |a У истоков финансового права  |b Электронный ресурс  |f М. М. Сперанский, Н. И. Тургенев, М. Ф. Орлов 
203 |a Текст  |c электронный 
210 |a Москва  |c Статут  |d 1998 
225 1 |a Золотые страницы российского финансового права 
230 |a 1 компьютерный файл (pdf; 21216 KB) 
300 |a Заглавие с титульного экрана 
300 |a Электронная версия печатной публикации 
337 |a Adobe Reader 
610 1 |a финансовое право 
610 1 |a финансы 
610 1 |a законы 
610 1 |a история 
610 1 |a налоги 
610 1 |a электронный ресурс 
610 1 |a 18 век 
610 1 |a 19 век 
686 |a Х622  |v LBC/SL-A  |2 rubbk 
700 1 |a Сперанский  |b М. М.  |g Михаил Михайлович 
701 1 |a Тургенев  |b Н. И.  |g Николай Иванович 
701 1 |a Орлов  |b М. Ф.  |g Михаил Федорович 
801 1 |a RU  |b 63413507  |c 20061024  |g PSBO 
801 2 |a RU  |b 63413507  |c 20070524  |g PSBO 
856 4 |u http://www.lib.tpu.ru/fulltext/m/2006/m25.pdf 
942 |c CF